[Event "HZ Chess Tournament 2024"]
[Site "Vlissingen, Netherlands"]
[Date "2024.08.07"]
[Round "6.29"]
[White "Frayna, Janelle Mae"]
[Black "Ellenbroek, Ton"]
[Result "1-0"]
[WhiteElo "2162"]
[BlackElo "2001"]
[PlyCount "101"]

1. e4 d6 2. Nc3 Nf6 3. f4 e5 4. Nf3 Nc6 5. Bb5 Bd7 6. d3 exf4 7. Bxf4 Be7 8.
O-O O-O 9. d4 d5 10. e5 Nh5 11. Be3 Be6 12. Bxc6 bxc6 13. Ne1 g6 14. Nd3 Ng7
15. Na4 Nf5 16. Bf2 Bh4 17. Qd2 a5 18. Nac5 Bg5 19. Qc3 Qe7 20. Rae1 a4 21. Nb4
a3 22. b3 Qe8 23. Re2 Be7 24. Be3 Nxe3 25. Qxe3 Bf5 26. Nbd3 Bxd3 27. Nxd3 Qd7
28. Rxf7 Qe6 29. Rff2 Qg4 30. h3 Qh4 31. Rf4 Rxf4 32. Qxf4 Qh5 33. Qg4 Qxg4 34.
hxg4 Ra5 35. Kf1 c5 36. dxc5 Rb5 37. b4 Bg5 38. c3 Kf7 39. Rf2+ Ke7 40. Ke2 c6
41. Kd1 Rb8 42. Kc2 h5 43. gxh5 gxh5 44. Kb3 d4 45. cxd4 Rd8 46. Kxa3 Rxd4 47.
Rf3 h4 48. Kb3 Rg4 49. Rf2 Be3 50. Re2 Bd4 51. a4 1-0

[Event "HZ Chess Tournament 2024"]
[Site "Vlissingen, Netherlands"]
[Date "2024.08.07"]
[Round "6.30"]
[White "Asefi, Zaheeruddeen"]
[Black "Boeren, Jurriaan"]
[Result "0-1"]
[WhiteElo "1998"]
[BlackElo "2159"]
[PlyCount "180"]

1. d4 d5 2. Nf3 e6 3. c4 c6 4. Nc3 dxc4 5. e3 b5 6. a4 Bb4 7. Bd2 a5 8. axb5
Bxc3 9. Bxc3 cxb5 10. b3 Bb7 11. bxc4 b4 12. Bb2 Nf6 13. Bd3 O-O 14. Qc2 Nbd7
15. e4 e5 16. d5 Qc7 17. O-O Rfe8 18. Nd2 Nc5 19. Rae1 a4 20. Re3 Qb6 21. Be2
Bc8 22. Rb1 Qa5 23. Ba1 Bg4 24. Bf1 Nfd7 25. h3 Bh5 26. g4 Bg6 27. Bg2 Ra6 28.
Kf1 Rb6 29. Ke2 Reb8 30. Qa2 f6 31. Bf3 a3 32. Kf1 Be8 33. Bd1 Qa6 34. Kg2 Na4
35. Bxa4 Qxa4 36. Nb3 Rc8 37. Rc1 Nc5 38. Nxc5 Rxc5 39. Rb3 Qa5 40. f4 Ba4 41.
fxe5 Bxb3 42. Qxb3 a2 43. Bb2 fxe5 44. Rf1 Rf6 45. Ra1 Ra6 46. Rc1 Qa4 47. Qe3
Rca5 48. Bxe5 Qa3 49. Qg5 Rf6 50. Bxf6 Ra7 51. Bd4 h6 52. Qd2 Rf7 53. Rf1 Rxf1
54. Kxf1 Qxh3+ 55. Kf2 Qh2+ 56. Ke1 Qh1+ 57. Kf2 Qh4+ 58. Kf3 b3 59. Qg2 Qe1
60. Qb2 Qf1+ 61. Ke3 Qg1+ 62. Kd3 Qd1+ 63. Ke3 Qxg4 64. Qa1 Qg3+ 65. Ke2 Qg2+
66. Kd3 Qc2+ 67. Ke3 Qg2 68. c5 Qg3+ 69. Kd2 Qg2+ 70. Kd3 Qf3+ 71. Be3 b2 72.
Qxa2 Qd1+ 73. Bd2 b1=Q+ 74. Qxb1 Qxb1+ 75. Kd4 Kf7 76. c6 Qb6+ 77. Kc4 Qa6+ 78.
Kd4 Qa4+ 79. Ke5 Qa1+ 80. Kd6 Qa3+ 81. Kc7 Qa7+ 82. Kc8 Qa8+ 83. Kc7 Ke8 84.
Bb4 Qa7+ 85. Kc8 Qa4 86. e5 Qa8+ 87. Kc7 Qd8+ 88. Kb7 Qxd5 89. Bd6 Qb5+ 90. Kc7
h5 0-1

[Event "HZ Chess Tournament 2024"]
[Site "Vlissingen, Netherlands"]
[Date "2024.08.07"]
[Round "6.31"]
[White "Kelder, Sjoerd"]
[Black "Van Rootselaar, Rik"]
[Result "0-1"]
[WhiteElo "1995"]
[BlackElo "2152"]
[PlyCount "62"]

1. e4 c5 2. Nc3 Nc6 3. Bb5 e5 4. Nf3 d6 5. d3 Nf6 6. h3 Be7 7. Bg5 Be6 8. Qd2
O-O 9. Bxc6 bxc6 10. O-O Rb8 11. b3 h6 12. Bxf6 Bxf6 13. Na4 Qd7 14. Kh2 Be7
15. g4 h5 16. gxh5 f5 17. Ng5 Bxg5 18. Qxg5 fxe4 19. h6 exd3 20. f4 Rf5 21.
Qxg7+ Qxg7 22. hxg7 dxc2 23. fxe5 Rxe5 24. Rf2 Bf5 25. Rg1 Rb7 26. Nb2 Rxg7 27.
Rc1 d5 28. Rxf5 Rxf5 29. Rxc2 Rf3 30. Rg2 Rxg2+ 31. Kxg2 Rc3 0-1

[Event "HZ Chess Tournament 2024"]
[Site "Vlissingen, Netherlands"]
[Date "2024.08.07"]
[Round "6.32"]
[White "Grooten, Tommy"]
[Black "Hoffman, Ron"]
[Result "1/2-1/2"]
[WhiteElo "2146"]
[BlackElo "1997"]
[PlyCount "45"]

1. d4 f5 2. g3 Nf6 3. Bg2 g6 4. c4 Bg7 5. Nf3 O-O 6. O-O d6 7. Nc3 c6 8. d5 e5
9. dxe6 Bxe6 10. Qd3 Re8 11. Ng5 Bc8 12. Rd1 h6 13. Nh3 Be6 14. c5 d5 15. Be3
Nbd7 16. Bd4 Qe7 17. b4 b6 18. Na4 Bf7 19. e3 b5 20. Nc3 a5 21. a3 Ne5 22. Qc2
a4 23. Nf4 1/2-1/2

[Event "HZ Chess Tournament 2024"]
[Site "Vlissingen, Netherlands"]
[Date "2024.08.07"]
[Round "6.33"]
[White "Larsen, Harald"]
[Black "Hng, Mei-En Emmanuelle"]
[Result "0-1"]
[WhiteElo "1961"]
[BlackElo "2145"]
[PlyCount "78"]

1. e4 d6 2. d4 Nf6 3. Nc3 g6 4. Nf3 Bg7 5. Be2 O-O 6. O-O a6 7. a4 b6 8. Re1
Bb7 9. Bf1 Nbd7 10. h3 c5 11. d5 Qc7 12. Bf4 Nh5 13. Bh2 Rad8 14. g4 Nhf6 15.
Bc4 h5 16. e5 Nxe5 17. Nxe5 dxe5 18. Bxe5 Qd7 19. Qf3 hxg4 20. hxg4 Nxg4 21.
Bxg7 Kxg7 22. Rad1 Rh8 23. Ne4 Nf6 24. Nxf6 exf6 25. Re3 b5 26. axb5 axb5 27.
Bxb5 Qxb5 28. Rb3 Qa6 29. Ra3 Qd6 30. c4 Ba6 31. Rc3 Rh5 32. Qe4 Re5 33. Qf3
Rde8 34. b3 Rg5+ 35. Kf1 Qh2 36. Re3 Rxe3 37. Qxe3 Bc8 38. Qe4 Re5 39. Qf3 Bh3+
0-1

[Event "HZ Chess Tournament 2024"]
[Site "Vlissingen, Netherlands"]
[Date "2024.08.07"]
[Round "6.34"]
[White "Kalle, Erwin"]
[Black "Vantorre, Nils"]
[Result "1/2-1/2"]
[WhiteElo "1998"]
[BlackElo "2153"]
[PlyCount "64"]

1. e4 c5 2. Nf3 d6 3. d4 cxd4 4. Nxd4 Nf6 5. Nc3 e6 6. Bg5 a6 7. Qf3 Nbd7 8.
O-O-O Qc7 9. Qg3 b5 10. Bxb5 axb5 11. Ndxb5 Qb8 12. Nxd6+ Bxd6 13. Qxd6 Qxd6
14. Rxd6 Ke7 15. Rhd1 Ra5 16. f4 h6 17. Bh4 g5 18. b4 Ra3 19. Nb5 Nxe4 20. fxg5
Nxd6 21. gxh6+ f6 22. Nxa3 Rxh6 23. Bg3 e5 24. c4 Bb7 25. c5 Ne4 26. Nc4 Nxg3
27. hxg3 Bxg2 28. Rd2 Bh1 29. Nd6 Rg6 30. Nc8+ Ke8 31. Nd6+ Ke7 32. b5 Nxc5
1/2-1/2

[Event "HZ Chess Tournament 2024"]
[Site "Vlissingen, Netherlands"]
[Date "2024.08.07"]
[Round "6.35"]
[White "Krause, Thomas"]
[Black "Dhooge, Servaas"]
[Result "0-1"]
[WhiteElo "2144"]
[BlackElo "1994"]
[PlyCount "64"]

1. c4 Nf6 2. Nf3 g6 3. Nc3 Bg7 4. e4 d6 5. d4 O-O 6. Be2 e5 7. O-O Nc6 8. d5
Ne7 9. b4 a5 10. Ba3 axb4 11. Bxb4 Nd7 12. a4 b6 13. a5 Nc5 14. Bxc5 bxc5 15.
Nb5 f5 16. Bd3 c6 17. dxc6 Nxc6 18. Bb1 Nd4 19. Nfxd4 cxd4 20. Qd2 Bb7 21. f3
fxe4 22. Bxe4 Bxe4 23. fxe4 Rxf1+ 24. Rxf1 Qxa5 25. Qxa5 Rxa5 26. Nxd6 Rc5 27.
Rc1 Bh6 28. Rc2 Rc6 29. Nb5 d3 30. Rc3 d2 31. Rd3 Rxc4 32. Kf2 Rc1 0-1

[Event "HZ Chess Tournament 2024"]
[Site "Vlissingen, Netherlands"]
[Date "2024.08.07"]
[Round "6.36"]
[White "Timmermans, Ivo"]
[Black "Westerweele, Henrik"]
[Result "0-1"]
[WhiteElo "2143"]
[BlackElo "1981"]
[PlyCount "46"]

1. c4 f5 2. g3 Nf6 3. Bg2 e6 4. d4 Be7 5. Nf3 O-O 6. O-O d6 7. Nc3 Ne4 8. Qd3
Nxc3 9. Qxc3 a5 10. b3 Bf6 11. Bb2 Nc6 12. Rad1 Qe8 13. Qc2 e5 14. dxe5 dxe5
15. e3 Qh5 16. Qd2 Be6 17. Qe2 Qg6 18. Rd2 Rae8 19. Rfd1 f4 20. exf4 exf4 21.
Bxf6 Qxf6 22. Nd4 Nxd4 23. Rxd4 f3 0-1

[Event "HZ Chess Tournament 2024"]
[Site "Vlissingen, Netherlands"]
[Date "2024.08.07"]
[Round "6.37"]
[White "Abrahams, Daniel"]
[Black "Lind, Jacco"]
[Result "0-1"]
[WhiteElo "2139"]
[BlackElo "1983"]
[PlyCount "64"]

1. c4 c5 2. Nf3 Nf6 3. g3 g6 4. Bg2 Bg7 5. O-O O-O 6. Nc3 d5 7. cxd5 Nxd5 8.
Nxd5 Qxd5 9. d4 Nc6 10. Be3 cxd4 11. Nxd4 Qa5 12. Bxc6 bxc6 13. Nxc6 Qc7 14.
Rc1 Bh3 15. Re1 Bxb2 16. Rc2 Bf6 17. Qd5 Be6 18. Qd2 Bf5 19. Rc5 Qb7 20. Rec1
a6 21. Bg5 Rac8 22. Bxf6 exf6 23. Qd6 Kg7 24. f3 Rfe8 25. g4 Bd7 26. Nd4 Rxc5
27. Rxc5 Bb5 28. Rc7 Qb8 29. Kf2 Bc4 30. a3 Rd8 31. Qc5 Rxd4 32. Ke3 Qb2 0-1

[Event "HZ Chess Tournament 2024"]
[Site "Vlissingen, Netherlands"]
[Date "2024.08.07"]
[Round "6.38"]
[White "Van Doren, Bas"]
[Black "Morgenthaler, Nick"]
[Result "1/2-1/2"]
[WhiteElo "2129"]
[BlackElo "1958"]
[PlyCount "94"]

1. Nf3 d5 2. g3 Nf6 3. Bg2 Bf5 4. c4 c6 5. Qb3 Qb6 6. d3 dxc4 7. Qxc4 Be6 8.
Qc2 Bg4 9. O-O Na6 10. Be3 Qc7 11. a3 Nd5 12. Bd2 g6 13. Nc3 Bg7 14. Rac1 Nxc3
15. Bxc3 O-O 16. b4 Bxf3 17. Bxf3 Bxc3 18. Qxc3 Qd7 19. h4 Nc7 20. a4 Nd5 21.
Qc5 Rfc8 22. b5 e6 23. Rc4 cxb5 24. Qxb5 Qxb5 25. axb5 Rxc4 26. dxc4 Nb6 27. c5
Nd5 28. Rd1 a5 29. bxa6 Rxa6 30. Bxd5 exd5 31. Rxd5 Rc6 32. g4 b6 33. cxb6 Rxb6
34. Kg2 Rb4 35. Kg3 Rb1 36. f3 Rg1+ 37. Kf4 Rh1 38. h5 Kg7 39. e4 Rh2 40. Kg3
Re2 41. Rd6 Re1 42. Kf4 Re2 43. e5 g5+ 44. Kf5 h6 45. Rd3 Re1 46. Rd4 Re3 47.
f4 Rf3 1/2-1/2

[Event "HZ Chess Tournament 2024"]
[Site "Vlissingen, Netherlands"]
[Date "2024.08.07"]
[Round "6.39"]
[White "Coenen, Eduard"]
[Black "Kaufmann, Thomas"]
[Result "1-0"]
[WhiteElo "2117"]
[BlackElo "1968"]
[PlyCount "105"]

1. d4 Nf6 2. g3 g6 3. Bg2 Bg7 4. Nf3 d6 5. b3 c6 6. O-O O-O 7. Bb2 Ne4 8. Nbd2
f5 9. c4 e6 10. Qc2 d5 11. Rad1 Nd7 12. e3 Qe7 13. Qc1 Re8 14. a4 a5 15. Ne1
Nb8 16. Nd3 Nxd2 17. Rxd2 Nd7 18. Re1 g5 19. f3 Qf7 20. e4 dxc4 21. Qxc4 Nb6
22. Qc5 Nd7 23. Qc2 f4 24. gxf4 gxf4 25. Bf1 e5 26. dxe5 Nf8 27. Nc5 Qe7 28.
Rg2 Ng6 29. Bc4+ Kh8 30. Nd3 Be6 31. Bxe6 Qxe6 32. Nc5 Qe7 33. e6 Rg8 34. Kh1
Bxb2 35. Qxb2+ Rg7 36. Nd3 Qd6 37. Rd1 Rag8 38. Qf6 Rf8 39. Qc3 Qxe6 40. Nc5
Qe5 41. Qxe5 Nxe5 42. Rxg7 Kxg7 43. Ne6+ Kf7 44. Nxf8 Kxf8 45. Rd8+ Ke7 46. Rb8
Nxf3 47. Rxb7+ Kd6 48. b4 axb4 49. Rxb4 Kc5 50. Rb1 Nd2 51. Rc1+ Kb4 52. e5 Ne4
53. Rxc6 1-0

[Event "HZ Chess Tournament 2024"]
[Site "Vlissingen, Netherlands"]
[Date "2024.08.07"]
[Round "6.40"]
[White "Oostvogels, Niek"]
[Black "Hirzel, Cedric"]
[Result "1/2-1/2"]
[WhiteElo "1960"]
[BlackElo "2116"]
[PlyCount "42"]

1. e4 e6 2. d4 d5 3. Nc3 Nf6 4. Bg5 dxe4 5. Nxe4 Nbd7 6. Nf3 Be7 7. Nxf6+ Bxf6
8. h4 O-O 9. Qe2 c5 10. O-O-O cxd4 11. Qe4 e5 12. Bxf6 Qxf6 13. Bb5 Re8 14.
Rxd4 Nc5 15. Qe3 a6 16. Bxe8 exd4 17. Nxd4 Be6 18. Nxe6 Rxe8 19. Qxc5 Qxe6 20.
Qa5 h6 21. Rd1 Qf6 1/2-1/2